| 000 | 00842nam a2200253 i 4500 | ||
|---|---|---|---|
| 001 | bg | ||
| 100 | 1 | _aJASIEŃKO, Jerzy | |
| 245 | 1 | 0 |
_aPołączenia klejowe i inżynierskie w naprawie, konserwacji i wzmacnianiu zabytkowych konstrukcji drewnianych / _cJerzy Jasieńko. |
| 260 |
_aWrocław : _bDolnośląskie Wydaw. Edukacyjne, _c2003. |
||
| 300 |
_a348 s. : _bil. ; _c24 cm. |
||
| 504 | _aBibliogr. | ||
| 650 | 9 |
_aKonstrukcje drewniane _xbadanie |
|
| 650 | 9 |
_aKonstrukcje drewniane _xremont |
|
| 650 | 9 |
_aPołączenia konstrukcyjne _xbadanie |
|
| 650 | 9 |
_aKlejenie _xzagadnienia |
|
| 650 | 9 |
_aModele matematyczne _xstosowanie _xbudownictwo |
|
| 020 | _a8371251157 | ||
| 040 | _cBPK | ||
| 041 | 0 | _apol | |
| 080 | _a624.011.1:674.02/.07:72.025 | ||
| 920 | _a83-7125-115-7 | ||
| 942 | _cKS | ||
| 008 | s pl f |000 0 pol | ||
| 999 |
_c44065 _d44065 |
||
| 856 |
_uhttp://koha.tu.koszalin.pl/cgi-bin/koha/opac-detail.pl?biblionumber=44065 _yKatalog online BPK |
||